Electrodynamics
সংরক্ষণ করুন:
| প্রধান লেখক: | |
|---|---|
| বিন্যাস: | গ্রন্থ |
| ভাষা: | ইংরেজি |
| প্রকাশিত: |
Chicago
University of Chicago
2001
|
| সংস্করন: | 1a. ed |
| মালা: | Chicago Lectures in Physics
|
| বিষয়গুলি: | |
| ট্যাগগুলো: |
ট্যাগ যুক্ত করুন
কোনো ট্যাগ নেই, প্রথমজন হিসাবে ট্যাগ করুন!
|
MARC
| LEADER | 00000nam a2200000 a 4500 | ||
|---|---|---|---|
| 001 | UCL8818 | ||
| 003 | CL-VaPUC | ||
| 008 | 040709e20010000US |||||||||||||||||eng|d | ||
| 020 | |a 0226519589 | ||
| 082 | 0 | 4 | |a 537.6 |b MEL |2 21 |
| 100 | |a Melia, Fulvio |e autor |9 486755 | ||
| 245 | 1 | 0 | |a Electrodynamics |
| 250 | |a 1a. ed | ||
| 300 | |a 251 p | ||
| 942 | |c BK | ||
| 945 | |d 20040709 00:00:00 |a cmena | ||
| 260 | |a Chicago |b University of Chicago |c 2001 | ||
| 500 | |a Proyecto Mecesup | ||
| 650 | 0 | |a Electrodinámica |9 317185 | |
| 650 | 0 | |a Física |9 227844 | |
| 650 | 0 | |a Propagación de ondas |9 263256 | |
| 650 | 0 | |a Teoría de la relatividad |9 266149 | |
| 583 | |a last modification |c 20040709 00:00:00 |k Rodrigo Vera | ||
| 490 | 0 | |a Chicago Lectures in Physics | |
| 999 | |c 309925 |d 309923 | ||
| 952 | |0 0 |1 0 |4 0 |6 537_600000000000000_MEL_2001 |7 0 |8 A |9 377788 |a BIBCUR |b BIBCUR |d 2019-11-21 |i 4035011 |o 537.6 MEL 2001 |p 4035011 |r 2025-04-22 |w 2019-11-21 |y BK |k FIS | ||